Introduction to Matrices and Linear Transformations /

Na minha lista:
Detalhes bibliográficos
Autor principal: Finkbeiner, Daniel T.
Formato: Sách giấy
Idioma:English
Publicado em: San Francisco ; London : W. H. Freeman and Co., 1960.
Tags: Adicionar Tag
Sem tags, seja o primeiro a adicionar uma tag!
Thư viện lưu trữ: Thư viện Trường Đại học Đà Lạt
LEADER 00667nam a2200265 4500
001 DLU100108281
005 ##20100527
040 # # |a DLU  |b vie 
041 # # |a eng 
044 # # |a us 
082 # # |a 512.943 4  |b FI-D 
100 # # |a Finkbeiner, Daniel T. 
245 # # |a Introduction to Matrices and Linear Transformations /  |c Daniel T. Finkbeiner. 
260 # # |a San Francisco ;  |a London :  |b W. H. Freeman and Co.,  |c 1960. 
300 # # |a ix, 246 p. ;  |c 24 cm. 
923 # # |a 100/2010 
992 # # |a 0 
994 # # |a DLU 
900 # # |a True 
911 # # |a Lý Thị Hồng Hạnh 
925 # # |a G 
926 # # |a A 
927 # # |a SH 
980 # # |a Thư viện Trường Đại học Đà Lạt